Introduction to Pascal and structured design

Bibliographic Details
Main Author: Dale, Nell
Other Authors: Weems, Chip
Format: Book
Language:English
Published: Lexington,Massachusstts : D.C.Heath and Company , c1987
Edition:Second Edition
Subjects:

MARC

LEADER 00000cam a2200000 7i4500
001 0000000265
005 20230515.0
008 991123 mau eng
020 |a 0669095702 (pbk) 
040 |a INS 
090 0 0 |a QA76.73.P2   |b D34 1987 
100 1 |a Dale, Nell 
245 1 0 |a Introduction to Pascal and structured design   |c Nell Dale, Chip Weems 
250 |a Second Edition 
260 |a Lexington,Massachusstts :   |b D.C.Heath and Company ,   |c c1987 
300 |a xxi, various pagings :   |b ill. ;   |c 24 cm. 
500 |a Includes index 
650 0 0 |a Pascal   |x Computer program language 
650 0 0 |a Programming language   |x Electronic computers 
700 1 |a Weems, Chip 
999 |a 0000004555   |b BOOK   |c Open Shelf   |e Default branch 
999 |a 0000005054   |b BOOK   |c Open Shelf   |e Default branch